Power resources of India (Record no. 435884)

000 -LEADER
fixed length control field 00341cam a22001217a 4500
008 - FIXED-LENGTH DATA ELEMENTS--GENERAL INFORMATION
fixed length control field 180718b1970 xxu||||| |||| 00| 0 eng d
082 ## - DEWEY DECIMAL CLASSIFICATION NUMBER
Classification number V5x54 C393
100 ## - MAIN ENTRY--PERSONAL NAME
Personal name Chaudhuri, M.R.
245 ## - TITLE STATEMENT
Title Power resources of India
Statement of responsibility, etc. by M.R. Chaudhuri
260 ## - PUBLICATION, DISTRIBUTION, ETC.
Place of publication, distribution, etc. Calcutta
Name of publisher, distributor, etc. Oxford and IBH
Date of publication, distribution, etc. 1970
300 ## - PHYSICAL DESCRIPTION
Extent vi, 116p.
650 ## - SUBJECT ADDED ENTRY--TOPICAL TERM
Topical term or geographic name entry element Power resources --India
Holdings
Withdrawn status Lost status Damaged status Not for loan Permanent Location Current Location Date acquired Full call number Barcode Date last seen Price effective from Koha item type
        Indian Institute of Public Administration Indian Institute of Public Administration 2010-03-02 V5x54 C393 53449 2018-07-21 2018-07-21 Book

Powered by Koha